00848nam a2200217 4500001000700000003000900007005001700016007000300033008004100036100003500077245015800112250001200270260003400282300002200316700004000338700003500378700004400413852003200457999001900489952012200508116882ES-MaACL20250919111023.0t|061121s1967 sp r ||||1| cat d1 aPavlov, Ivan Petrovich.98968510aReflexox condicionats i inhibicions / cIván Pavlov ; proleg de S. Montserrat-Esteve ; introducció de J. F. Le Ny ; traducció de Jordi Solé-Tura. a1ª ed. aBarcelona : bEd. 62, c1967. a200 p. ; c20 cm.0 aMontserrat Esteve, Santiago.9827441 aLe Ny, Jean-François.9709071 aSolé Tura, Jordi, d1930-20099107136 aES-MaACLjC-34216 bR.64844 c116882d116882 00104070aATENEOMbATENEOMcDEPO2d2008-01-17eSCl0oC-34216p1121869r2023-02-23 00:00:00w2023-02-23yMONOGRAFIA